| 000 | 01119cam a22003251a 4500 | ||
|---|---|---|---|
| 001 | 75330 | ||
| 003 | BD-RjUL | ||
| 005 | 20211209082655.0 | ||
| 008 | 19 s1963 enka b 001 0 eng | ||
| 035 | _a(BD-RjUL)75548 | ||
| 035 | _a(OCoLC)7963395 | ||
| 040 |
_aDLC _cMnManS _dUk _dDLC _beng |
||
| 041 | _aeng | ||
| 042 | _apremarc | ||
| 082 |
_223 _a552 _bKIM 1963 |
||
| 100 | 1 |
_aKirkaldy, J. F. _q(John Francis) _9229037 |
|
| 245 | 1 | 0 |
_aMinerals and rocks in colour / _cby J. F. Kirkaldy ; photographs by Folke Johansson. |
| 260 |
_aLondon [Eng.] : _bBlandford Press, _cc1963 |
||
| 300 |
_a176 p. : _b328 ill. (part col.) ; _c19 cm. |
||
| 500 | _aThe color photos were taken from Stenar i färg, by P. H. Lundegårdh. The text has been completely rewritten for the English work. | ||
| 500 | _aIncludes index. | ||
| 504 | _aBibliography : p. 166. | ||
| 650 | 0 |
_aRocks _vClassification. _9229038 |
|
| 700 | 1 |
_aLundegårdh, P. H. _q(Per H.), _d1919- _9229039 |
|
| 906 |
_a7 _bcbc _coclcrpl _du _encip _f19 _gy-gencatlg |
||
| 942 |
_2ddc _cBK |
||
| 999 |
_c75330 _d75330 |
||